| 000 | 00373nam a2200133Ia 4500 | ||
|---|---|---|---|
| 008 | 220217s9999 xx 000 0 und d | ||
| 245 | 0 | _aNatural rubber in bales- Amount of bale coating- Specification and determination. | |
| 260 | _c1975 | ||
| 500 | _aStandard number: ISO 1434 | ||
| 650 | _a Bale coating | ||
| 650 | _a Bales | ||
| 650 | _a Natural rubber | ||
| 942 | _cST | ||
| 999 |
_c74026 _d74026 |
||